|
|
|
|
| LEADER |
06506nam a22005657a 4500 |
| 001 |
43146 |
| 003 |
BD-DhAAL |
| 005 |
20250729170706.0 |
| 008 |
240919t2024 ii a b 001 0 eng d |
| 020 |
|
|
|a 9789357467933
|
| 020 |
|
|
|a 9789357465755
|
| 040 |
|
|
|a BD-DhAAL
|c BD-DhAAL
|
| 050 |
0 |
0 |
|a QR46.5
|b .P48 2011
|
| 082 |
0 |
0 |
|a 615.101579
|2 22
|
| 245 |
0 |
0 |
|a Hugo and Russell's pharmaceutical microbiology /
|c edited by Brendan F. Gilmore and Stephen P. Denyer.
|
| 246 |
3 |
0 |
|a Pharmaceutical microbiology
|
| 250 |
|
|
|a Ninth edition.
|
| 264 |
|
|
|a New Delhi :
|b Wiley,
|c c2024.
|
| 300 |
|
|
|a xxii, 606 pages :
|b illustrations ;
|c 25 cm.
|
| 500 |
|
|
|a An Indian adaption.
|
| 504 |
|
|
|a Includes bibliographical references and index.
|
| 526 |
|
|
|a PHR
|x Dr. Hasina Yasmin,
Assistant Dean and Program Director
School of Pharmacy
Course name : Pharmaceutical Microbiology I and II (PHR 102 and PHR 108)
|
| 541 |
|
|
|a Book Finder International
|e 43146, 43147, 43148, 43149, 43150, 43295, 43296, 43297, 43298, 43299, 43300, 43301, 43302, 43303, 43304
|
| 650 |
|
0 |
|a Pharmaceutical microbiology.
|
| 650 |
1 |
2 |
|a Anti-Infective Agents.
|
| 650 |
2 |
2 |
|a Microbiological Phenomena.
|9 49471
|
| 650 |
2 |
2 |
|a Microbiological Techniques.
|
| 650 |
2 |
2 |
|a Technology, Pharmaceutical.
|
| 650 |
2 |
2 |
|a Pharmacy.
|
| 700 |
1 |
|
|a Gilmore, B. F.
|9 56864
|
| 700 |
1 |
|
|a Denyer, S. P.
|9 43700
|
| 700 |
1 |
|
|a Hugo, W. B.
|q (William Barry).
|t Pharmaceutical microbiology.
|9 56865
|
| 852 |
|
|
|a Ayesha Abed Library
|c General Stacks
|
| 942 |
|
|
|2 ddc
|c BK
|
| 999 |
|
|
|c 46881
|d 46881
|
| 952 |
|
|
|0 0
|1 0
|2 ddc
|4 0
|6 615_101579000000000_HUG
|7 0
|9 76277
|a BRACUL
|b BRACUL
|c GEN
|d 2024-09-12
|e Book Finder International
|g 2769.00
|l 4
|m 39
|o 615.101579 HUG
|p 3010043300
|r 2025-09-18
|s 2025-07-01
|t 11
|v 2769.00
|w 2024-09-12
|y BK
|x Requisitioned by Dr. Hasina Yasmin for the course named- "Pharmaceutical Microbiology I and II (PHR 102 and PHR 108)".
|
| 952 |
|
|
|0 0
|1 0
|2 ddc
|4 0
|6 615_101579000000000_HUG
|7 0
|9 76278
|a BRACUL
|b BRACUL
|c GEN
|d 2024-09-12
|e Book Finder International
|g 2769.00
|l 4
|m 19
|o 615.101579 HUG
|p 3010043296
|r 2026-02-17
|s 2026-02-03
|t 7
|v 2769.00
|w 2024-09-12
|y BK
|x Requisitioned by Dr. Hasina Yasmin for the course named- "Pharmaceutical Microbiology I and II (PHR 102 and PHR 108)".
|
| 952 |
|
|
|0 0
|1 0
|2 ddc
|4 0
|6 615_101579000000000_HUG
|7 0
|9 76279
|a BRACUL
|b BRACUL
|c GEN
|d 2024-09-12
|e Book Finder International
|g 2769.00
|l 3
|m 14
|o 615.101579 HUG
|p 3010043301
|r 2026-02-28
|s 2026-02-25
|t 12
|v 2769.00
|w 2024-09-12
|y BK
|x Requisitioned by Dr. Hasina Yasmin for the course named- "Pharmaceutical Microbiology I and II (PHR 102 and PHR 108)"
|
| 952 |
|
|
|0 0
|1 0
|2 ddc
|4 0
|6 615_101579000000000_HUG
|7 0
|9 76280
|a BRACUL
|b BRACUL
|c GEN
|d 2024-09-12
|e Book Finder International
|g 2769.00
|l 2
|m 25
|o 615.101579 HUG
|p 3010043295
|r 2025-06-17
|s 2025-03-16
|t 6
|v 2769.00
|w 2024-09-12
|y BK
|x Requisitioned by Dr. Hasina Yasmin for the course named- "Pharmaceutical Microbiology I and II (PHR 102 and PHR 108)".
|
| 952 |
|
|
|0 0
|1 0
|2 ddc
|4 0
|6 615_101579000000000_HUG
|7 0
|9 76281
|a BRACUL
|b BRACUL
|c GEN
|d 2024-09-12
|e Book Finder International
|g 2769.00
|l 3
|m 30
|o 615.101579 HUG
|p 3010043297
|r 2025-08-11
|s 2025-08-04
|t 8
|v 2769.00
|w 2024-09-12
|y BK
|x Requisitioned by Dr. Hasina Yasmin for the course named- "Pharmaceutical Microbiology I and II (PHR 102 and PHR 108)".
|
| 952 |
|
|
|0 0
|1 0
|2 ddc
|4 0
|6 615_101579000000000_HUG
|7 0
|9 76282
|a BRACUL
|b BRACUL
|c GEN
|d 2024-09-12
|e Book Finder International
|g 2769.00
|l 3
|m 16
|o 615.101579 HUG
|p 3010043303
|r 2025-09-04
|s 2025-07-01
|t 14
|v 2769.00
|w 2024-09-12
|y BK
|x Requisitioned by Dr. Hasina Yasmin for the course named- "Pharmaceutical Microbiology I and II (PHR 102 and PHR 108)
|
| 952 |
|
|
|0 0
|1 0
|2 ddc
|4 0
|6 615_101579000000000_HUG
|7 0
|9 76283
|a BRACUL
|b BRACUL
|c GEN
|d 2024-09-12
|e Book Finder International
|g 2769.00
|l 3
|m 23
|o 615.101579 HUG
|p 3010043298
|q 2026-05-21
|r 2026-02-03
|s 2026-02-03
|t 9
|v 2769.00
|w 2024-09-12
|y BK
|x Requisitioned by Dr. Hasina Yasmin for the course named- "Pharmaceutical Microbiology I and II (PHR 102 and PHR 108)".
|
| 952 |
|
|
|0 0
|1 0
|2 ddc
|4 0
|6 615_101579000000000_HUG
|7 0
|9 76284
|a BRACUL
|b BRACUL
|c GEN
|d 2024-09-12
|e Book Finder International
|g 2769.00
|l 1
|m 21
|o 615.101579 HUG
|p 3010043304
|r 2025-02-08
|s 2024-10-26
|t 15
|v 2769.00
|w 2024-09-12
|y BK
|x Requisitioned by Dr. Hasina Yasmin for the course named- "Pharmaceutical Microbiology I and II (PHR 102 and PHR 108)
|
| 952 |
|
|
|0 0
|1 0
|2 ddc
|4 0
|6 615_101579000000000_HUG
|7 0
|9 76285
|a BRACUL
|b BRACUL
|c GEN
|d 2024-09-12
|e Book Finder International
|g 2769.00
|l 4
|m 31
|o 615.101579 HUG
|p 3010043302
|r 2025-08-03
|s 2025-07-15
|t 13
|v 2769.00
|w 2024-09-12
|y BK
|x Requisitioned by Dr. Hasina Yasmin for the course named- "Pharmaceutical Microbiology I and II (PHR 102 and PHR 108)".
|
| 952 |
|
|
|0 0
|1 0
|2 ddc
|4 0
|6 615_101579000000000_HUG
|7 0
|9 76286
|a BRACUL
|b BRACUL
|c GEN
|d 2024-09-12
|e Book Finder International
|g 2769.00
|l 2
|m 14
|o 615.101579 HUG
|p 3010043299
|r 2025-09-01
|s 2025-08-25
|t 10
|v 2769.00
|w 2024-09-12
|y BK
|x Requisitioned by Dr. Hasina Yasmin for the course named- "Pharmaceutical Microbiology I and II (PHR 102 and PHR 108)".
|
| 952 |
|
|
|0 0
|1 0
|2 ddc
|4 0
|6 615_101579000000000_HUG
|7 0
|9 76488
|a PHR
|b PHR
|d 2024-09-17
|e Book Finder International
|g 2769.00
|l 0
|o 615.101579 HUG
|p 3010043148
|r 2024-09-17
|t 3
|v 2769.00
|w 2024-09-17
|y BK
|x Requisitioned by Dr. Hasina Yasmin for the course named- "Pharmaceutical Microbiology I and II (PHR 102 and PHR 108)".
|
| 952 |
|
|
|0 0
|1 0
|2 ddc
|4 0
|6 615_101579000000000_HUG
|7 0
|9 76489
|a PHR
|b PHR
|d 2024-09-17
|e Book Finder International
|g 2769.00
|l 0
|o 615.101579 HUG
|p 3010043149
|r 2024-09-17
|t 4
|v 2769.00
|w 2024-09-17
|y BK
|x Requisitioned by Dr. Hasina Yasmin for the course named- "Pharmaceutical Microbiology I and II (PHR 102 and PHR 108)".
|
| 952 |
|
|
|0 0
|1 0
|2 ddc
|4 0
|6 615_101579000000000_HUG
|7 0
|9 76490
|a PHR
|b PHR
|d 2024-09-17
|e Book Finder International
|g 2769.00
|l 0
|o 615.101579 HUG
|p 3010043150
|r 2024-09-17
|t 5
|v 2769.00
|w 2024-09-17
|y BK
|x Requisitioned by Dr. Hasina Yasmin for the course named- "Pharmaceutical Microbiology I and II (PHR 102 and PHR 108)".
|
| 952 |
|
|
|0 0
|1 0
|2 ddc
|4 0
|6 615_101579000000000_HUG
|7 0
|9 76491
|a PHR
|b PHR
|d 2024-09-17
|e Book Finder International
|g 2769.00
|l 0
|o 615.101579 HUG
|p 3010043146
|r 2024-09-17
|t 1
|v 2769.00
|w 2024-09-17
|y BK
|x Requisitioned by Dr. Hasina Yasmin for the course named- "Pharmaceutical Microbiology I and II (PHR 102 and PHR 108)".
|
| 952 |
|
|
|0 0
|1 0
|2 ddc
|4 0
|6 615_101579000000000_HUG
|7 0
|9 76492
|a PHR
|b PHR
|d 2024-09-17
|e Book Finder International
|g 2769.00
|l 0
|o 615.101579 HUG
|p 3010043147
|r 2024-09-17
|t 2
|v 2769.00
|w 2024-09-17
|y BK
|x Requisitioned by Dr. Hasina Yasmin for the course named- "Pharmaceutical Microbiology I and II (PHR 102 and PHR 108)".
|